000 00899nam0a22002531 4500
001 rc\979479
005 20250622064324.0
035 _a(NLR Aleph) 006147641
090 _a5728398
_c5728398
100 _a20041129d1982 |||y0rusy50 ca
101 0 _arus
102 _aRU
105 _ay |||||||||
200 1 _aИскусство и духовный мир человека
_e(Об особенностях воздействия искусства на личность)
210 _aМ.
_cЗнание
_d1982
215 _a110 с.
_d20
225 1 _aНародный университет
_iФакультет литературы и искусства
320 _aБиблиогр.: с. 108-109
700 1 _aФохт-Бабушкин
_bЮ.У.
_gЮрий Ульрихович
801 0 _aRU
_bNLR
_gpsbo
801 1 _aRU
_bELAR
_2rusmarc
852 _aNLR
_j82-3/9485
942 _cBOOK
980 _aNB